[Event "Lanaudiere"]
[Site "Mascouche CAN"]
[Date "2004.08.21"]
[Round "3"]
[White "Plante, Marc-Eric"]
[Black "Lacroix, Serge"]
[Result "0-1"]
[WhiteElo "1371"]
[BlackElo "1980"]
[PlyCount "53"]
[EventDate "2004.08.20"]
[EventType "swiss"]
[EventRounds "5"]
[EventCountry "CAN"]

1. e4 c5 2. Nf3 Nc6 3. d4 cxd4 4. Nxd4 e5 5. Nb5 d6 6. c4 a6 7. N5c3 Nf6 8. Be3
Be6 9. Be2 Be7 10. O-O O-O 11. Na3 Rc8 12. Nc2 Re8 13. f3 Na5 14. b3 Nc6 15.
Nd5 Bxd5 16. exd5 Nb8 17. b4 Nh5 18. Rc1 Bg5 19. Bxg5 Qxg5 20. Rf2 Nf4 21. Kh1
Nxe2 22. Rxe2 Rxc4 23. Rf2 Rec8 24. g3 Nd7 25. f4 Qh6 26. Qd2 Nf6 27. Qe2 0-1

[Event "Lanaudiere"]
[Site "Mascouche CAN"]
[Date "2004.08.22"]
[Round "4"]
[White "Lacroix, Serge"]
[Black "Poirier, Erik"]
[Result "1/2-1/2"]
[WhiteElo "1980"]
[BlackElo "2079"]
[PlyCount "66"]
[EventDate "2004.08.20"]
[EventType "swiss"]
[EventRounds "5"]
[EventCountry "CAN"]

1. e4 c5 2. Nf3 Nc6 3. d4 cxd4 4. Nxd4 Nf6 5. Nc3 e5 6. Ndb5 d6 7. Bg5 a6 8.
Na3 b5 9. Bxf6 gxf6 10. Nd5 f5 11. exf5 Bxf5 12. c3 Bg7 13. Qf3 Be6 14. Nf6+
Bxf6 15. Qxc6+ Ke7 16. Qb7+ Qd7 17. Qxd7+ Kxd7 18. Nc2 d5 19. Bd3 e4 20. Be2
Rhg8 21. g3 Be5 22. Kd2 f5 23. a4 bxa4 24. Rxa4 a5 25. Rha1 Rgb8 26. Kc1 f4 27.
Rxa5 Rxa5 28. Rxa5 fxg3 29. Ra7+ Kd6 30. hxg3 Rc8 31. Ra6+ Ke7 32. Ra7+ Kd6 33.
Ra6+ Ke7 1/2-1/2

[Event "Lanaudiere"]
[Site "Mascouche CAN"]
[Date "2004.08.22"]
[Round "5"]
[White "Kieu, Marc-Andre"]
[Black "Lacroix, Serge"]
[Result "0-1"]
[WhiteElo "1328"]
[BlackElo "1980"]
[PlyCount "42"]
[EventDate "2004.08.20"]
[EventType "swiss"]
[EventRounds "5"]
[EventCountry "CAN"]

1. e4 c5 2. Nf3 Nc6 3. d4 cxd4 4. Nxd4 e5 5. Nb5 d6 6. c4 a6 7. N5a3 Nf6 8. Nc3
Be6 9. b3 Qa5 10. Qd2 Rc8 11. Nc2 Be7 12. Be2 O-O 13. O-O Rfe8 14. Ba3 Bf8 15.
Rad1 Red8 16. Qe3 Nd4 17. Nxd4 exd4 18. Qxd4 Qxa3 19. Qb6 Rd7 20. f4 d5 21. f5
Bc5+ 0-1

[Event "Quebec op"]
[Site "Montreal CAN"]
[Date "2004.07.17"]
[Round "1"]
[White "Lacroix, Serge"]
[Black "Berube, Antoine"]
[Result "1/2-1/2"]
[WhiteElo "2027"]
[BlackElo "2104"]
[PlyCount "100"]
[EventDate "2004.07.17"]
[EventType "swiss"]
[EventRounds "9"]
[EventCountry "CAN"]

1. d4 d5 2. c4 c6 3. Nf3 Nf6 4. Nc3 e6 5. Bg5 h6 6. Bh4 dxc4 7. a4 Bb4 8. Bxf6
Qxf6 9. e3 b5 10. Be2 Nd7 11. O-O Bxc3 12. bxc3 Bb7 13. Qb1 a6 14. Bxc4 O-O 15.
Be2 e5 16. Nd2 Rab8 17. Bf3 Rfc8 18. Ne4 Qe7 19. Ng3 Nb6 20. axb5 axb5 21. Nf5
Qf6 22. Ng3 Nc4 23. Ra2 Ra8 24. Rxa8 Rxa8 25. Ne4 Qe7 26. Rd1 Ra3 27. h3 Bc8
28. Qb4 Qxb4 29. cxb4 f5 30. Nc5 e4 31. Bh5 Nb2 32. Rd2 Nc4 33. Rc2 Ra1+ 34.
Kh2 Kf8 35. Kg3 Ke7 36. Bg6 Rb1 37. Ra2 Nd6 38. Ra7+ Kf6 39. Rc7 Rxb4 40. Bh7
g5 41. Rxc6 Ke7 42. f3 f4+ 43. exf4 exf3 44. Kxf3 Rxd4 45. fxg5 hxg5 46. Rc7+
Kf6 47. Ne4+ Nxe4 48. Rxc8 Nd6 49. Rb8 Rd2 50. g3 Rd5 1/2-1/2

[Event "Quebec op"]
[Site "Montreal CAN"]
[Date "2004.07.18"]
[Round "2"]
[White "Ramaswamy, Kishor"]
[Black "Lacroix, Serge"]
[Result "1/2-1/2"]
[WhiteElo "2094"]
[BlackElo "2027"]
[PlyCount "77"]
[EventDate "2004.07.17"]
[EventType "swiss"]
[EventRounds "9"]
[EventCountry "CAN"]

1. d4 Nf6 2. Nf3 g6 3. Bg5 Bg7 4. Nbd2 d5 5. e3 O-O 6. Be2 c5 7. c3 Qb6 8. Qb3
Qxb3 9. axb3 cxd4 10. exd4 Nc6 11. O-O h6 12. Bf4 g5 13. Bg3 Bf5 14. b4 a6 15.
Ne5 Nxe5 16. Bxe5 Ne4 17. Nxe4 Bxe4 18. Bxg7 Kxg7 19. Ra5 Rfd8 20. Rfa1 Rac8
21. b5 axb5 22. Rxb5 Rc7 23. Rb6 Bf5 24. g3 Bd7 25. Ra5 e6 26. f4 gxf4 27. gxf4
Bc6 28. Kf2 Kf6 29. Bb5 Bxb5 30. Raxb5 Rdd7 31. Kf3 Kf5 32. h4 h5 33. Rb4 f6
34. R6b5 Kg6 35. Ra4 Rc8 36. Rab4 Rcc7 37. Ra5 Rc8 38. Rb6 Kf5 39. Ra7 1/2-1/2

[Event "Quebec op"]
[Site "Montreal CAN"]
[Date "2004.07.18"]
[Round "3"]
[White "Lacroix, Serge"]
[Black "Bachand-Fleurent, Julien"]
[Result "0-1"]
[WhiteElo "2027"]
[BlackElo "2265"]
[PlyCount "102"]
[EventDate "2004.07.17"]
[EventType "swiss"]
[EventRounds "9"]
[EventCountry "CAN"]

1. d4 d5 2. c4 c6 3. Nf3 e6 4. Nc3 dxc4 5. a4 Bb4 6. e3 b5 7. Bd2 a5 8. Ne5 Nf6
9. Be2 Bb7 10. Bf3 Qb6 11. O-O Nbd7 12. Nxd7 Nxd7 13. Ne4 Be7 14. Qc2 O-O 15.
Ng3 Rfc8 16. Rfc1 Rc7 17. Be4 Nf6 18. Bf3 Nd5 19. Be4 g6 20. Bf3 Nb4 21. Bxb4
Bxb4 22. h4 Rd8 23. h5 c5 24. hxg6 hxg6 25. dxc5 Rxc5 26. Bxb7 Qxb7 27. Rd1
Rcd5 28. axb5 Qxb5 29. Ne4 Kg7 30. g4 f5 31. gxf5 gxf5 32. Ng3 Rd2 33. Rxd2
Rxd2 34. Qc1 Qd5 35. Qf1 Qf3 36. Rc1 Bc5 37. Re1 Rxb2 38. Re2 Rxe2 39. Nxe2
Qg4+ 40. Kh2 Bd6+ 41. f4 Qh4+ 42. Kg2 Qg4+ 43. Kh2 e5 44. fxe5 Bxe5+ 45. Nf4 c3
46. Qc4 Qf3 47. Qe6 Bxf4+ 48. exf4 Qh5+ 49. Kg1 Qg6+ 50. Qxg6+ Kxg6 51. Kf2 c2
0-1

[Event "Quebec op"]
[Site "Montreal CAN"]
[Date "2004.07.19"]
[Round "4"]
[White "Lacroix, Serge"]
[Black "Anastasovski, Nikola"]
[Result "0-1"]
[WhiteElo "2027"]
[BlackElo "2088"]
[PlyCount "114"]
[EventDate "2004.07.17"]
[EventType "swiss"]
[EventRounds "9"]
[EventCountry "CAN"]

1. d4 f5 2. c4 e6 3. Nc3 Bb4 4. Qc2 Nf6 5. a3 Bxc3+ 6. Qxc3 b6 7. Nf3 Bb7 8. g3
O-O 9. Bg2 d6 10. O-O Qe7 11. Bg5 Nbd7 12. Rfe1 h6 13. Bxf6 Nxf6 14. Nd2 Bxg2
15. Kxg2 Ne4 16. Nxe4 fxe4 17. f4 Qf7 18. Qc2 Qg6 19. e3 Rf6 20. Re2 Raf8 21.
Rf1 Qf5 22. Kf2 h5 23. Ke1 Rc8 24. Rd2 d5 25. c5 h4 26. Rg2 Qh3 27. Rfg1 Rg6
28. cxb6 axb6 29. Qc6 Qg4 30. Qd7 Ra8 31. Qxc7 b5 32. Qb7 Ra4 33. Qxb5 Rc4 34.
Kd2 Qf3 35. b3 h3 36. Re2 Rc8 37. Ree1 e5 38. Rc1 Rxc1 39. Rxc1 exf4 40. Qb8+
Kh7 41. Qxf4 Qg2+ 42. Kd1 Qg1+ 43. Kd2 Qxh2+ 44. Kd1 Qxg3 45. Qxg3 Rxg3 46. Kd2
Rg2+ 47. Kc3 h2 48. Rh1 g5 49. b4 g4 50. b5 g3 51. b6 Rg1 52. b7 Rxh1 53. b8=Q
Rc1+ 54. Kd2 h1=Q 55. Qb7+ Kh6 56. Qb6+ Kh5 57. Qd8 Qd1# 0-1

[Event "Quebec op"]
[Site "Montreal CAN"]
[Date "2004.07.20"]
[Round "5"]
[White "Robidas, Francois"]
[Black "Lacroix, Serge"]
[Result "1-0"]
[WhiteElo "1959"]
[BlackElo "2027"]
[PlyCount "85"]
[EventDate "2004.07.17"]
[EventType "swiss"]
[EventRounds "9"]
[EventCountry "CAN"]

1. e4 c5 2. c3 Nf6 3. e5 Nd5 4. Nf3 Nc6 5. Bc4 Nb6 6. Bb3 c4 7. Bc2 d5 8. exd6
exd6 9. O-O Be7 10. d4 Bg4 11. Bf4 O-O 12. Nbd2 f5 13. Qe2 g5 14. Qe6+ Kh8 15.
d5 Rf6 16. Nxg5 Rxe6 17. Nf7+ Kg8 18. Nxd8 Rxd8 19. dxe6 Nd5 20. Bh6 Be2 21.
Rfe1 Bd3 22. Bxd3 cxd3 23. Nf3 Nf6 24. Rad1 Ng4 25. Bf4 Nge5 26. Nxe5 dxe5 27.
Bxe5 Rd5 28. f4 Bc5+ 29. Kf1 Kf8 30. Bd4 Nxd4 31. Rxd3 Ke7 32. cxd4 Bb4 33. Re5
Rd8 34. d5 Rf8 35. Rb3 a5 36. a3 Bd2 37. Rxb7+ Kd6 38. Rd7+ Kc5 39. d6+ Kc6 40.
e7 Re8 41. Rd8 Bxf4 42. Rxe8 Bxe5 43. Rc8+ 1-0

[Event "Quebec op"]
[Site "Montreal CAN"]
[Date "2004.07.22"]
[Round "7"]
[White "Lacroix, Serge"]
[Black "Caceres Cortes, Julio"]
[Result "0-1"]
[WhiteElo "2027"]
[BlackElo "2054"]
[PlyCount "72"]
[EventDate "2004.07.17"]
[EventType "swiss"]
[EventRounds "9"]
[EventCountry "CAN"]

1. d4 Nf6 2. c4 c5 3. d5 b5 4. cxb5 a6 5. bxa6 Bxa6 6. Nc3 d6 7. e4 Bxf1 8.
Kxf1 g6 9. Nf3 Bg7 10. g3 O-O 11. Kg2 Nbd7 12. Re1 Qc7 13. h3 Rfb8 14. Qc2 c4
15. Bf4 Nc5 16. Be3 Nd3 17. Reb1 Nd7 18. Bd4 N7c5 19. Bxg7 Kxg7 20. Nd2 Nb4 21.
Qd1 Ncd3 22. a3 Qc5 23. axb4 Qxf2+ 24. Kh1 Qxg3 25. Qf3 Nf2+ 26. Qxf2 Qxf2 27.
Rxa8 Rxa8 28. Nxc4 Qc2 29. Na5 e5 30. Nc6 Ra2 31. b5 Rxb2 32. Rxb2 Qxb2 33. b6
Qxc3 34. b7 Qc1+ 35. Kh2 Qb2+ 36. Kg3 Qxb7 0-1

[Event "Quebec-ch 1/2 final"]
[Site "Montreal CAN"]
[Date "2004.06.18"]
[Round "1"]
[White "Lacroix, Serge"]
[Black "Laptos, Kris"]
[Result "0-1"]
[WhiteElo "2043"]
[BlackElo "2276"]
[PlyCount "104"]
[EventDate "2004.06.19"]
[EventType "swiss"]
[EventRounds "5"]
[EventCountry "CAN"]

1. d4 d5 2. c4 c6 3. Nc3 Nf6 4. Bf4 dxc4 5. a4 Nd5 6. Bxb8 Rxb8 7. e4 Nb4 8.
Bxc4 Qxd4 9. Qxd4 Nc2+ 10. Kf1 Nxd4 11. Nge2 e5 12. Nxd4 exd4 13. Ne2 Bc5 14.
Rc1 b6 15. Nf4 O-O 16. Nd3 Re8 17. f3 Bd6 18. g4 a6 19. Kg2 b5 20. axb5 axb5
21. Bb3 Bb7 22. Nc5 Ba8 23. Rhd1 Rbd8 24. Rxd4 Bxc5 25. Rxd8 Rxd8 26. Rxc5 Rd2+
27. Kg3 Kf8 28. Rc2 Rd4 29. Kf4 Ke7 30. Ke3 Rb4 31. Ba2 f6 32. h4 Kd6 33. Rd2+
Ke7 34. Rc2 Bb7 35. Kd3 Ra4 36. Bg8 h6 37. Rc5 Kd6 38. Rc1 c5 39. b3 Ra8 40.
Bf7 Ra3 41. Rd1 Ke7 42. Kc2 Ra2+ 43. Kb1 Rf2 44. Bd5 Bxd5 45. Rxd5 Rxf3 46.
Rxc5 Rxb3+ 47. Kc2 Re3 48. g5 hxg5 49. hxg5 Rxe4 50. Rc7+ Ke6 51. gxf6 gxf6 52.
Kd3 Re5 0-1

[Event "Quebec-ch 1/2 final"]
[Site "Montreal CAN"]
[Date "2004.06.19"]
[Round "2"]
[White "Liard, Serge"]
[Black "Lacroix, Serge"]
[Result "1-0"]
[WhiteElo "1971"]
[BlackElo "2043"]
[PlyCount "128"]
[EventDate "2004.06.19"]
[EventType "swiss"]
[EventRounds "5"]
[EventCountry "CAN"]

1. e4 c5 2. Nf3 Nc6 3. c4 e6 4. Nc3 Nf6 5. d3 d5 6. Bg5 d4 7. Nb1 e5 8. h3 Be7
9. Be2 O-O 10. O-O Be6 11. Nbd2 Qd7 12. Kh2 a6 13. Bxf6 Bxf6 14. Ng1 b5 15. Nb3
Be7 16. cxb5 axb5 17. Rc1 Bxb3 18. Qxb3 Na5 19. Qd1 Rfc8 20. Bg4 Qb7 21. Bxc8
Rxc8 22. b4 cxb4 23. Rxc8+ Qxc8 24. Ne2 h5 25. f4 Qc7 26. Kh1 h4 27. fxe5 Nc6
28. Qc2 Qd7 29. Rc1 Nxe5 30. Qc8+ Qxc8 31. Rxc8+ Kh7 32. Nxd4 Nxd3 33. Nxb5 Kg6
34. Rc6+ f6 35. Nd6 Kg5 36. Nf5 Bf8 37. Rc8 Bc5 38. Nxg7 Nf2+ 39. Kh2 Bd6+ 40.
Kg1 Nxe4 41. Ne6+ Kf5 42. Nd4+ Kf4 43. Kf1 Nc3 44. Ne2+ Nxe2 45. Kxe2 Ke4 46.
Rc4+ Ke5 47. Rxh4 f5 48. Kd3 f4 49. Rh5+ Kf6 50. Rh6+ Ke5 51. Rxd6 Kxd6 52. Kd4
Kc6 53. Kc4 Kd6 54. Kxb4 Kd5 55. a4 Ke4 56. a5 Ke3 57. a6 Kf2 58. h4 Kxg2 59.
a7 f3 60. a8=Q Kg3 61. h5 f2 62. Qf8 Kg2 63. h6 f1=Q 64. Qxf1+ Kxf1 1-0

[Event "Quebec-ch 1/2 final"]
[Site "Montreal CAN"]
[Date "2004.06.19"]
[Round "3"]
[White "Lacroix, Serge"]
[Black "Ramaswamy, Kishor"]
[Result "1/2-1/2"]
[WhiteElo "2043"]
[BlackElo "2121"]
[PlyCount "111"]
[EventDate "2004.06.19"]
[EventType "swiss"]
[EventRounds "5"]
[EventCountry "CAN"]

1. d4 d5 2. c4 e6 3. Nc3 Nf6 4. Bf4 Nbd7 5. e3 Be7 6. Nf3 O-O 7. Rc1 c6 8. Bd3
dxc4 9. Bxc4 b5 10. Bd3 Bb7 11. O-O a6 12. Ne4 Nxe4 13. Bxe4 Qb6 14. Ne5 Nxe5
15. Bxe5 Rac8 16. Qg4 g6 17. Qg3 Rfd8 18. Qh3 Rd7 19. Rc2 c5 20. Bxb7 Qxb7 21.
Rfc1 Rdd8 22. f3 cxd4 23. Bxd4 Rxc2 24. Rxc2 Qd5 25. Rd2 b4 26. b3 Bc5 27. Qh6
Bf8 28. Qf4 Bg7 29. Bc3 Qa8 30. Qxb4 Rxd2 31. Bxd2 Qc8 32. Qe4 h5 33. Qd3 Qc6
34. a4 Kh7 35. Kf2 Be5 36. g3 Bg7 37. Qc4 Qd6 38. Bc3 Bxc3 39. Qxc3 h4 40. Qd4
hxg3+ 41. hxg3 Qc6 42. Qd3 a5 43. Qd2 Qc5 44. g4 Qc7 45. f4 Qc5 46. g5 e5 47.
Kf3 exf4 48. exf4 Qc6+ 49. Kg3 Qc5 50. Qh2+ Kg8 51. Qe2 Qc3+ 52. Kg4 Qc8+ 53.
Kh4 Qb7 54. Qe8+ Kh7 55. Qe3 Qg2 56. Qg3 1/2-1/2

[Event "Quebec-ch 1/2 final"]
[Site "Montreal CAN"]
[Date "2004.06.20"]
[Round "4"]
[White "Berube, Antoine"]
[Black "Lacroix, Serge"]
[Result "1-0"]
[WhiteElo "2011"]
[BlackElo "2043"]
[PlyCount "81"]
[EventDate "2004.06.19"]
[EventType "swiss"]
[EventRounds "5"]
[EventCountry "CAN"]

1. d4 Nf6 2. c4 g6 3. Nc3 d5 4. cxd5 Nxd5 5. e4 Nxc3 6. bxc3 Bg7 7. Bc4 O-O 8.
Ne2 c5 9. O-O Nc6 10. Be3 Na5 11. Bd3 cxd4 12. cxd4 b6 13. Rc1 Bb7 14. Qd2 Qd7
15. Bh6 Rfc8 16. Bxg7 Kxg7 17. f4 Rxc1 18. Rxc1 e6 19. f5 exf5 20. exf5 Rc8 21.
Rf1 Qd5 22. Rf2 Nc6 23. f6+ Kf8 24. Qh6+ Ke8 25. Qxh7 Nb4 26. Bxg6 Nxa2 27.
Qg8+ Kd7 28. Qxf7+ Qxf7 29. Bxf7 Nb4 30. Bh5 Rf8 31. g4 a5 32. g5 a4 33. g6 Bd5
34. f7 Bxf7 35. Rxf7+ Rxf7 36. gxf7 Ke7 37. Nf4 a3 38. Ne6 a2 39. f8=Q+ Kxe6
40. Bf7+ Kd7 41. Bxa2 1-0

[Event "Quebec-ch 1/2 final"]
[Site "Montreal CAN"]
[Date "2004.06.20"]
[Round "5"]
[White "Beaupre, Jean-Marie"]
[Black "Lacroix, Serge"]
[Result "1/2-1/2"]
[WhiteElo "1741"]
[BlackElo "2043"]
[PlyCount "86"]
[EventDate "2004.06.19"]
[EventType "swiss"]
[EventRounds "5"]
[EventCountry "CAN"]

1. e4 c5 2. Nc3 e6 3. g3 d5 4. d3 d4 5. Nce2 e5 6. Bg2 Nc6 7. f4 f6 8. Nf3 Bd6
9. O-O Bg4 10. fxe5 fxe5 11. Bg5 Qb6 12. Rb1 h6 13. Bd2 Nf6 14. Nh4 Ne7 15. h3
Be6 16. b3 O-O 17. g4 g5 18. Nf5 Nxf5 19. exf5 Bd5 20. Bxd5+ Nxd5 21. a4 Qc6
22. Ng3 Nf4 23. Bxf4 gxf4 24. Ne4 Be7 25. Rf2 Bh4 26. Rg2 Kf7 27. Qf3 Ke7 28.
b4 Rab8 29. bxc5 Qxa4 30. Nd2 Qc6 31. Ne4 b6 32. cxb6 Rxb6 33. Rxb6 axb6 34.
Re2 Ra8 35. Nd2 Ra1+ 36. Kg2 Qxc2 37. Nc4 Qc1 38. Qb7+ Kf6 39. Qc6+ Kg7 40.
Qg6+ Kh8 41. Qxh6+ Kg8 42. Qe6+ Kf8 43. Qh6+ Kg8 1/2-1/2

[Event "Singher-Montmarquette II"]
[Site "Montreal CAN"]
[Date "2004.06.12"]
[Round "1"]
[White "Dumouchel, Alain"]
[Black "Lacroix, Serge"]
[Result "0-1"]
[WhiteElo "2074"]
[BlackElo "1914"]
[PlyCount "83"]
[EventDate "2004.06.12"]
[EventType "tourn"]
[EventRounds "9"]
[EventCountry "CAN"]

1. e4 c5 2. Nf3 Nc6 3. Bb5 a6 4. Bxc6 bxc6 5. O-O d5 6. exd5 cxd5 7. d4 e6 8.
c4 dxc4 9. Ne5 Nf6 10. Qa4+ Bd7 11. Qc2 cxd4 12. Rd1 Bd6 13. Nxc4 Qc7 14. b3
Bxh2+ 15. Kh1 Bd6 16. Rxd4 Bc5 17. Bf4 Qa7 18. Rd2 O-O 19. Nc3 Bb4 20. Rad1
Bxc3 21. Be3 Qc7 22. Rxd7 Nxd7 23. Qxc3 Nf6 24. Bd4 Rfd8 25. Re1 Qf4 26. Bxf6
Qxf6 27. Qxf6 gxf6 28. Re3 Rd1+ 29. Kh2 Rad8 30. Rg3+ Kf8 31. Rh3 Ra1 32. a4
Rdd1 33. Rf3 Ke7 34. Kg3 Rd5 35. Rc3 Rad1 36. Ne3 R1d3 37. Rc7+ Rd7 38. Rc6
Rxb3 39. Rxa6 Rd4 40. Ra8 f5 41. Kh2 Kf6 42. Ra6 0-1

[Event "Singher-Montmarquette II"]
[Site "Montreal CAN"]
[Date "2004.06.19"]
[Round "2"]
[White "Singher, Jean-Pierre"]
[Black "Lacroix, Serge"]
[Result "1/2-1/2"]
[WhiteElo "2047"]
[BlackElo "1914"]
[PlyCount "91"]
[EventDate "2004.06.12"]
[EventType "tourn"]
[EventRounds "9"]
[EventCountry "CAN"]

1. d4 d5 2. Nf3 Nf6 3. c4 e6 4. Nc3 a6 5. Bg5 dxc4 6. a4 Nbd7 7. e3 c5 8. Bxc4
cxd4 9. exd4 h6 10. Bh4 Nb6 11. Bd3 Nbd5 12. O-O b6 13. Nxd5 Qxd5 14. Re1 g5
15. Bg3 Bb7 16. Rc1 Rc8 17. Rxc8+ Bxc8 18. Be5 Bg7 19. Qe2 O-O 20. Bxa6 Bxa6
21. Qxa6 Qb3 22. Re3 Qxb2 23. d5 Qb1+ 24. Re1 Qb4 25. dxe6 g4 26. e7 Re8 27.
Rd1 gxf3 28. Bd6 Qg4 29. g3 Qh3 30. Qf1 Qxf1+ 31. Kxf1 Ne4 32. Bb4 f6 33. Rd4
Nc5 34. Bxc5 bxc5 35. Rd7 Kf7 36. a5 f5 37. Rb7 Bf6 38. a6 Bxe7 39. a7 Ra8 40.
Ke1 Ke6 41. Kd2 Bg5+ 42. Kd3 Kd5 43. Rd7+ Kc6 44. Rf7 Kb5 45. h4 c4+ 46. Kc3
1/2-1/2

[Event "Singher-Montmarquette II"]
[Site "Montreal CAN"]
[Date "2004.08.23"]
[Round "6"]
[White "Lacroix, Serge"]
[Black "Rousseau, Daniel"]
[Result "1/2-1/2"]
[WhiteElo "1914"]
[BlackElo "2067"]
[Annotator "Brodie,Hugh"]
[PlyCount "136"]
[EventDate "2004.06.12"]
[EventType "tourn"]
[EventRounds "9"]
[EventCountry "CAN"]

1. d4 Nf6 2. c4 g6 3. Nc3 Bg7 4. e4 d6 5. f4 O-O 6. Nf3 e5 7. dxe5 dxe5 8. Qxd8
Rxd8 9. Nxe5 Re8 10. Bd2 Nxe4 11. Nxe4 f6 12. Nxf6+ Bxf6 13. O-O-O Na6 14. Bc3
Nc5 15. Bd3 Bf5 16. Bxf5 gxf5 17. Nd7 Bxc3 18. Nxc5 Bb4 19. Nd3 Bd6 20. g3 Re4
21. b3 Ba3+ 22. Kc2 b5 23. cxb5 Rb8 24. Nf2 Re2+ 25. Rd2 Rxd2+ 26. Kxd2 Rxb5
27. Nd3 Bd6 28. Rc1 Kf7 29. Rc6 Ra5 30. a4 Ke6 31. b4 Rd5 32. Ra6 Rd4 33. Kc3
Kd5 34. Ra5+ Ke4 35. Nc5+ Ke3 36. Rxa7 Rd2 37. Ne6 Rd1 38. a5 Rc1+ 39. Kb2 Rc4
40. a6 Rxb4+ 41. Kc3 Rb6 42. Kc4 Rb2 43. Kd5 Rxh2 44. Nxc7 Rd2+ 45. Kc6 Kf3 46.
Nd5 Kxg3 47. Kxd6 h5 48. Rg7+ Kf3 49. a7 Ra2 50. Ke5 Ra5 51. Ke6 h4 52. Nb6
Kxf4 53. a8=Q Rxa8 54. Nxa8 h3 55. Nc7 h2 56. Nd5+ Kf3 57. Rh7 Kg2 58. Ne3+ Kg1
59. Rg7+ Kf2 60. Rg2+ Kxe3 61. Rxh2 f4 62. Kf5 f3 63. Rh3 Ke2 64. Kf4 f2 65.
Re3+ Kd2 66. Rf3 Ke2 67. Kg3 f1=Q 68. Rxf1 Kxf1 1/2-1/2

[Event "Singher-Montmarquette II"]
[Site "Montreal CAN"]
[Date "2004.09.17"]
[Round "7"]
[White "Gravel, Simon M"]
[Black "Lacroix, Serge"]
[Result "1-0"]
[WhiteElo "2268"]
[BlackElo "1940"]
[PlyCount "81"]
[EventDate "2004.06.12"]
[EventType "tourn"]
[EventRounds "9"]
[EventCountry "CAN"]

1. Nf3 Nf6 2. c4 g6 3. Nc3 c5 4. d4 cxd4 5. Nxd4 Bg7 6. g3 Nc6 7. Bg2 Nxd4 8.
Qxd4 O-O 9. O-O d6 10. Qd3 Qc7 11. Bg5 Be6 12. Nd5 Bxd5 13. cxd5 Qd7 14. e4
Rfc8 15. Rfe1 h6 16. Bd2 Rc5 17. Be3 Rc7 18. Qb3 b6 19. e5 Nh7 20. e6 Qe8 21.
Bf1 fxe6 22. dxe6 Nf6 23. Bb5 Qf8 24. Qd3 Kh7 25. h3 Nh5 26. g4 Nf4 27. Qe4
Nxh3+ 28. Kg2 Ng5 29. Bxg5 hxg5 30. Rh1+ Kg8 31. Rh3 Rc5 32. Rah1 Rf5 33. gxf5
gxf5 34. Qe2 Rc8 35. Qh5 Qf6 36. Be8 Rc2 37. Qf7+ Qxf7 38. exf7+ Kf8 39. Rh8+
Bxh8 40. Rxh8+ Kg7 41. f8=Q# 1-0

[Event "Singher-Montmarquette II"]
[Site "Montreal CAN"]
[Date "2004.09.04"]
[Round "9"]
[White "Bolduc, Steve"]
[Black "Lacroix, Serge"]
[Result "1-0"]
[WhiteElo "2248"]
[BlackElo "1914"]
[PlyCount "139"]
[EventDate "2004.06.12"]
[EventType "tourn"]
[EventRounds "9"]
[EventCountry "CAN"]

1. d4 e6 2. c4 d5 3. Nc3 Nf6 4. Bg5 Be7 5. Nf3 O-O 6. e3 b6 7. Rc1 c5 8. dxc5
bxc5 9. Bxf6 Bxf6 10. cxd5 exd5 11. Nxd5 Bxb2 12. Rxc5 Be6 13. Rc2 Bxd5 14.
Rxb2 Qa5+ 15. Qd2 Qxd2+ 16. Rxd2 Bxf3 17. gxf3 Nc6 18. Bg2 Rad8 19. Rxd8 Rxd8
20. Ke2 Nb4 21. a3 Nc2 22. a4 g5 23. Rc1 Nb4 24. Rc4 Nd5 25. Rc5 h6 26. f4 Nb6
27. a5 Na4 28. Rc4 Nb2 29. Rc2 Nd3 30. fxg5 hxg5 31. Be4 Ne5 32. Rc5 f6 33. Bf5
Kf8 34. Rc7 a6 35. f4 gxf4 36. exf4 Nf7 37. Be6 Nd6 38. f5 Nxf5 39. Bxf5 Rd5
40. Bc2 Rxa5 41. h4 Rh5 42. Rc4 Kg7 43. Kf3 Rb5 44. Rc7+ Kg8 45. Kf4 a5 46. Ra7
Rc5 47. Bg6 Rb5 48. Bf5 Rc5 49. h5 Rb5 50. h6 Rb8 51. Rxa5 Kh8 52. Ra7 Rd8 53.
Be6 f5 54. Kg5 Re8 55. Bxf5 Rg8+ 56. Kf6 Rf8+ 57. Kg6 Rg8+ 58. Rg7 Re8 59. Rf7
Rg8+ 60. Kf6 Rb8 61. Rh7+ Kg8 62. Re7 Ra8 63. Kg6 Ra6+ 64. Be6+ Kf8 65. Kf6 Ra1
66. Rf7+ Ke8 67. Rc7 Rf1+ 68. Bf5 Rd1 69. h7 Rd6+ 70. Be6 1-0

[Event "Quebec-ch qual 2"]
[Site "Montreal CAN"]
[Date "2004.06.04"]
[Round "1"]
[White "Lacroix, Serge"]
[Black "Laduguie, Patrick"]
[Result "1-0"]
[WhiteElo "2077"]
[BlackElo "1648"]
[PlyCount "44"]
[EventDate "2004.06.04"]
[EventType "swiss"]
[EventRounds "5"]
[EventCountry "CAN"]

1. d4 d5 2. c4 dxc4 3. Nc3 Nf6 4. Nf3 Bf5 5. Qa4+ c6 6. Qxc4 Nbd7 7. Bf4 e6 8.
e3 Qa5 9. Nd2 Nb6 10. Qb3 Be7 11. Be2 Qb4 12. O-O Nbd5 13. Be5 Qxb3 14. Nxb3
O-O 15. Na5 Nd7 16. Bg3 Bb4 17. Nxb7 Bxc3 18. bxc3 Nxc3 19. Bf3 Ne4 20. Rfc1
Nxg3 21. hxg3 Rab8 22. Bxc6 g6 1-0

[Event "Quebec-ch qual 2"]
[Site "Montreal CAN"]
[Date "2004.06.05"]
[Round "2"]
[White "Malveau, Cedric"]
[Black "Lacroix, Serge"]
[Result "1-0"]
[WhiteElo "1888"]
[BlackElo "2077"]
[PlyCount "77"]
[EventDate "2004.06.04"]
[EventType "swiss"]
[EventRounds "5"]
[EventCountry "CAN"]

1. d4 Nf6 2. c4 g6 3. Nc3 d5 4. Bf4 e6 5. e3 Bg7 6. Nf3 O-O 7. Rc1 c6 8. Be2
Nbd7 9. Ne5 dxc4 10. Nxc4 Nb6 11. Nd6 Nbd5 12. Bg3 Nxc3 13. bxc3 Ne8 14. Nxc8
Qxc8 15. O-O Nf6 16. Bf3 Nd7 17. Qb3 e5 18. Rb1 b5 19. a4 a6 20. Rfc1 Re8 21.
c4 e4 22. Be2 bxa4 23. Qxa4 c5 24. d5 Be5 25. Rb3 Bxg3 26. hxg3 Rb8 27. Rcb1
Qc7 28. Qxa6 Ra8 29. Rb7 Rxa6 30. Rxc7 Ra2 31. Rxd7 Rxe2 32. Rbb7 Rf8 33. Re7
Re1+ 34. Kh2 Re2 35. d6 Rxf2 36. d7 Rd2 37. Re8 Kg7 38. Rbb8 Rxe8 39. dxe8=Q
1-0

[Event "Quebec-ch qual 2"]
[Site "Montreal CAN"]
[Date "2004.06.05"]
[Round "3"]
[White "Lacroix, Serge"]
[Black "Rozybakiyev, Rasul"]
[Result "1-0"]
[WhiteElo "2077"]
[BlackElo "1734"]
[PlyCount "113"]
[EventDate "2004.06.04"]
[EventType "swiss"]
[EventRounds "5"]
[EventCountry "CAN"]

1. d4 d5 2. c4 e6 3. Nc3 Nf6 4. Bf4 Be7 5. e3 c5 6. Nf3 a6 7. dxc5 Bxc5 8. cxd5
Nxd5 9. Nxd5 Qxd5 10. Qxd5 exd5 11. a3 Nc6 12. Rc1 Be7 13. Rd1 Be6 14. Be2 O-O
15. O-O h6 16. Nd4 Nxd4 17. Rxd4 Bf6 18. Rd2 Rac8 19. Rfd1 Rfd8 20. h3 Kh7 21.
Bf3 Kg8 22. g4 Kf8 23. Kg2 Ke8 24. e4 dxe4 25. Bxe4 Rxd2 26. Rxd2 Rc1 27. f3 b5
28. Be3 Bd7 29. Bd5 Rc7 30. Bf4 Rc5 31. Bxf7+ Kxf7 32. Rxd7+ Ke8 33. Rd2 Rc4
34. Bd6 Rd4 35. Rxd4 Bxd4 36. b3 Kd7 37. Bf8 Ke6 38. f4 Bf6 39. Kg3 Kd5 40. h4
Ke4 41. g5 hxg5 42. fxg5 Be5+ 43. Kg4 g6 44. Be7 Bb2 45. h5 gxh5+ 46. Kxh5 Kd3
47. a4 bxa4 48. bxa4 Bc1 49. g6 Bb2 50. Kh6 a5 51. Bd8 Kc4 52. Bxa5 Kb3 53. Kh7
Kxa4 54. Bd8 Kb5 55. Kg8 Kc6 56. Kf7 Kd7 57. Bf6 1-0

[Event "Dimanche 2004.05.09"]
[Site "Montreal CAN"]
[Date "2004.05.31"]
[Round "4"]
[White "Lacroix, Serge"]
[Black "Marcone, Malcom"]
[Result "0-1"]
[WhiteElo "2048"]
[BlackElo "1898"]
[Annotator "Brodie,Hugh"]
[PlyCount "61"]
[EventDate "2004.05.09"]
[EventType "tourn"]
[EventRounds "5"]
[EventCountry "CAN"]

1. d4 Nf6 2. c4 c5 3. d5 b5 4. cxb5 a6 5. bxa6 g6 6. Nc3 Bxa6 7. e4 Bxf1 8.
Kxf1 d6 9. g3 Bg7 10. Nf3 O-O 11. Kg2 Nbd7 12. Re1 Nb6 13. Bf4 Ra6 14. Re2 Qa8
15. Rc1 Na4 16. Qc2 Rb8 17. Nxa4 Rxa4 18. b3 Ra3 19. Rd1 Rb6 20. Bc1 Ra7 21. a4
Rab7 22. Rd3 Nd7 23. Bf4 c4 24. Qxc4 Nc5 25. Rd1 Rxb3 26. e5 R7b4 27. Qc2 Rb2
28. Qxb2 Rxb2 29. Rxb2 dxe5 30. Bxe5 Bxe5 31. Nxe5 {etc.} 0-1